اردو شاعری اور تصوف : (Record no. 197823)

MARC details
000 -LEADER
fixed length control field 00740nam a22001937a 4500
005 - DATE AND TIME OF LATEST TRANSACTION
control field 20230904163032.0
010 ## - LCCN (DPL NO)
LC control number UR-12196
020 ## - INTERNATIONAL STANDARD BOOK NUMBER
Terms of availability 225.00
035 ## - SYSTEM CONTROL NUMBER
System control number U-10751
037 ## - SOURCE OF ACQUISITION
Source of stock number/acquisition DBAD/PUB
082 ## - DEWEY DECIMAL CLASSIFICATION NUMBER
Classification number 841
100 ## - MAIN ENTRY--PERSONAL NAME
Personal name عبد القادر غیاث الد ین فاروقی
245 ## - TITLE STATEMENT
Title اردو شاعری اور تصوف :
Remainder of title تاریخ و تنقیدی جایزہ /
Statement of responsibility, etc عبد القادر غیاث الد ین فاروقی
246 ## - VARYING FORM OF TITLE
Title proper/short title Urdu Shayri aur Tawwuf : Tarikhi wa Tanquidi Jaiza /
Remainder of title by Abdul Qadir Ghyasuddin Faruqui
260 ## - PUBLICATION, DISTRIBUTION, ETC. (IMPRINT)
Place of publication, distribution, etc Hyderabad
Name of publisher, distributor, etc Majlis-e-Ishaatul Uloom Jamia Nizamia
Date of publication, distribution, etc 2009 ء
270 ## - ADDRESS
Address Shibligunj
City Hyderabad
300 ## - PHYSICAL DESCRIPTION
Extent 679 ص
Dimensions 22cm(Hb)
942 ## - ADDED ENTRY ELEMENTS (KOHA)
Source of classification or shelving scheme Dewey Decimal Classification
Item type Urdu Bks
Classification part 841
Call number suffix ع ب د
Holdings
Withdrawn status Lost status Not for loan Collection code Home library Current library Date acquired Source of acquisition Cost, normal purchase price Full call number Barcode Copy number Cost, replacement price Koha item type
      Non-fiction Sarojini Nagar Sarojini Nagar 04/09/2023 DBAD/PUB 225.00 841 ع ب د U-10751 1 225.00 Urdu Bks

© Delhi Public Library
Hit Counter
free hit counter